| 000 | 00447cam a2200181ua 4500 | ||
|---|---|---|---|
| 001 | 11044 | ||
| 008 | 190805n ii |||gr||||Z||||||eng | ||
| 040 | _cMAIN | ||
| 041 | _aeng | ||
| 082 | _a320.5 | ||
| 100 |
_aTitus Bhengra, _eAuthor. |
||
| 245 |
_aUnderstanding political theory _cBy Titus Bhengra |
||
| 250 | _a1st ed. | ||
| 260 |
_aDibrugarh: _bMahaveer publications, _c2019. |
||
| 300 | _a216p. | ||
| 653 | _aPolitical science | ||
| 942 | _cBK | ||
| 999 |
_c9949 _d9949 |
||